Conferencias en la Sociedad Geográfica de Madrid / (Record no. 167528)

MARC details
000 -LEADER
campo de control de longitud fija 00814nam a22001935i 4500
001 - NÚMERO DE CONTROL
campo de control 167528
003 - IDENTIFICADOR DE NÚMERO DE CONTROL
campo de control ES-MaACL
005 - FECHA Y HORA DE LA ÚLTIMA TRANSACCIÓN
campo de control 20250829091008.0
008 - DATOS DE LONGITUD FIJA--INFORMACIÓN GENERAL
campo de control de longitud fija 990407s1880 sp |||| | spa d
100 1# - ENTRADA PRINCIPAL--NOMBRE DE PERSONA
Nombre de persona Vilanova y Piera, Juan,
Fechas asociadas al nombre 1821-1893
9 (RLIN) 114785
245 10 - MENCIÓN DEL TÍTULO
Título Conferencias en la Sociedad Geográfica de Madrid /
Mención de responsabilidad, etc. por Juan Vilanova.
260 ## - PUBLICACIÓN, DISTRIBUCIÓN, ETC.
Lugar de publicación, distribución, etc. Madrid :
Nombre del editor, distribuidor, etc. [s.n.],
Fecha de publicación, distribución, etc. 1880 (
Fabricante Imp. de Fortanet)
300 ## - DESCRIPCIÓN FÍSICA
Extensión 71 p., [1] h. de lám. pleg. ;
Dimensiones 24 cm.
599 ## - NOTA A LAS ILUSTRACIONES
NOTA A LAS ILUSTRACIONES La h. de lám.: "Experimentos de Alfonso Favre de Ginebra"
650 #7 - PUNTO DE ACCESO ADICIONAL DE MATERIA--TÉRMINO DE MATERIA
Término de materia o nombre geográfico como elemento de entrada Geografía-
Subdivisión de forma Historia
Fuente del encabezamiento o término
9 (RLIN) 171842
710 2# - ENTRADA AGREGADA--NOMBRE DE ENTIDAD CORPORATIVA
Nombre de entidad corporativa o nombre de jurisdicción como elemento de entrada Sociedad Geográfica de Madrid.
9 (RLIN) 6775
852 ## - LOCALIZACIÓN
Ubicación ES-MaACL
Número de control de estantería T-376-F-5
Nota libre - Enc. hol., falto de cub. original
-- - Enc. en un vol. facticio
-- - Ded. ms. del autor a Moreno Nieto
Holdings
Estatus retirado Estado de pérdida Estado de daño No para préstamo Colección Biblioteca de origen Biblioteca actual Ubicación en estantería Fecha de adquisición Total de préstamos Signatura topográfica completa Código de barras Visto por última vez Precio de reemplazo Tipo de ítem Koha
        Colección de folletos Biblioteca del Ateneo de Madrid Biblioteca del Ateneo de Madrid Depósito folletos 17/01/2008   T-376-F-5 1175748 23/02/2023 23/02/2023 Folleto